[Event "Hessenliga 1213"]
[Site "Germany"]
[Date "2013.01.27"]
[Round "5.6"]
[White "Regis, Georg"]
[Black "Rapoport, Vladimir"]
[Result "0-1"]
[WhiteElo "2137"]
[BlackElo "2303"]
[PlyCount "82"]
[EventDate "2012.09.16"]
[EventType "team-tourn"]
[EventRounds "9"]
[EventCountry "GER"]
[SourceTitle "EXT 2014"]
[Source "ChessBase"]
[SourceDate "2013.11.20"]
[SourceVersion "1"]
[SourceVersionDate "2013.11.20"]
[SourceQuality "1"]
[WhiteTeam "Dotzheim"]
[BlackTeam "Heusenstamm"]
[WhiteTeamCountry "GER"]
[BlackTeamCountry "GER"]

1. e4 g6 2. d4 Bg7 3. Nf3 d6 4. Bd3 Bg4 5. c3 Nc6 6. Bg5 h6 7. Be3 e5 8. d5 Nce7 9. h3 Bd7 10. g4 c5 11. Nfd2 b5 12. b4 c4 13. Bc2 g5 14. a4 a6 15. a5 Ng6 16. Nf1 Nf4 17. Ng3 Nf6 18. Kf1 Nxh3 19. f3 Nf4 20. Qd2 Ke7 21. Ra2 Rh7 22. Bd1 Qh8 23. Nh5 N6xh5 24. gxh5 Qc8 25. Qh2 Bf6 26. Bxf4 exf4 27. Ke1 Be5 28. Qg1 Rg7 29. Rg2 Qb7 30. Kd2 f5 31. Kc2 Rag8 32. Nd2 g4 33. Qe1 Qa7 34. Nf1 fxe4 35. Qxe4 g3 36. Kb2 Rf8 37. Qe1 Bf5 38. Nxg3 Rxg3 39. Rxg3 fxg3 40. f4 Qf2+ 41. Ka3 Qxf4 0-1

[Event "Wiesbaden op 24th"]
[Site "Wiesbaden"]
[Date "2012.08.25"]
[Round "4"]
[White "Kobs, Stephan"]
[Black "Regis, Georg"]
[Result "1-0"]
[WhiteElo "2019"]
[BlackElo "2137"]
[PlyCount "117"]
[EventDate "2012.08.23"]
[EventType "swiss"]
[EventRounds "7"]
[EventCountry "GER"]
[SourceTitle "CBM 150 Extra"]
[Source "ChessBase"]
[SourceDate "2012.10.19"]
[SourceVersion "1"]
[SourceVersionDate "2012.10.19"]
[SourceQuality "1"]

1. e4 Nf6 2. e5 Nd5 3. d4 d6 4. c4 Nb6 5. exd6 cxd6 6. Nc3 N8d7 7. Be3 e6 8. b3 Be7 9. Nf3 Nf6 10. h3 Nbd7 11. Rc1 b6 12. Be2 Bb7 13. 0-0 0-0 14. Qd2 Ne4 15. Nxe4 Bxe4 16. Ng5 Bg6 17. Bf3 Rc8 18. Be4 Bxe4 19. Nxe4 Nf6 20. Nxf6+ Bxf6 21. d5 e5 22. f4 Re8 23. fxe5 Bxe5 24. Bf4 Qh4 25. Bxe5 Rxe5 26. Qf2 Qe7 27. Rce1 f6 28. Rxe5 dxe5 29. Rd1 Qd6 30. Qf5 Rc5 31. Qe6+ Qxe6 32. dxe6 Kf8 33. Rd7 a5 34. Rf7+ Ke8 35. Rxg7 Rc6 36. Rxh7 Rxe6 37. Kf2 f5 38. Ra7 Rd6 39. c5 bxc5 40. Rxa5 Rd2+ 41. Ke1 Rxg2 42. Rxc5 Rxa2 43. Rxe5+ Kd7 44. Rxf5 Rb2 45. Rf3 Ke6 46. Kd1 Kd5 47. Kc1 Rh2 48. Rg3 Kc5 49. Kd1 Kd4 50. Ke1 Ke4 51. Kf1 Kf4 52. Rc3 Rb2 53. Ke1 Ke4 54. h4 Rh2 55. Kf1 Kd4 56. Kg1 Rb2 57. Rh3 Ke5 58. h5 Kf6 59. h6 1-0

[Event "Hessenliga 1112"]
[Site "Germany"]
[Date "2012.04.29"]
[Round "8.6"]
[White "Regis, Georg"]
[Black "Prange, Dieter"]
[Result "0-1"]
[WhiteElo "2137"]
[BlackElo "2148"]
[PlyCount "114"]
[EventDate "2011.09.25"]
[EventType "team-tourn"]
[EventRounds "9"]
[EventCountry "GER"]
[SourceTitle "EXT 2013"]
[Source "ChessBase"]
[SourceDate "2012.11.22"]
[SourceVersion "1"]
[SourceVersionDate "2012.11.22"]
[SourceQuality "1"]
[WhiteTeam "Dotzheim"]
[BlackTeam "Marburg"]
[WhiteTeamCountry "GER"]
[BlackTeamCountry "GER"]

1. b3 c5 2. Bb2 d5 3. e3 e6 4. Nf3 Nf6 5. d3 b5 6. Nbd2 Bb7 7. c4 a6 8. Be2 Bd6 9. cxd5 exd5 10. 0-0 Nbd7 11. Re1 0-0 12. Bf1 Qc7 13. Rc1 Rae8 14. g3 Qb8 15. Bg2 Re7 16. Qc2 Ng4 17. d4 c4 18. Qf5 Ngf6 19. Ng5 h6 20. Nh3 Rfe8 21. Nf4 Nb6 22. Nh5 Nh7 23. Qg4 Ng5 24. Nf4 Bb4 25. Rc2 Bc8 26. Qd1 Bf5 27. Nxd5 Nxd5 28. Bxd5 Bxc2 29. Qxc2 c3 30. Bxc3 Rc7 31. Nb1 Bxc3 32. Nxc3 b4 33. Bc4 Nf3+ 34. Kf1 Nxe1 35. Kxe1 bxc3 36. Qxc3 Qb6 37. Kf1 a5 38. f3 Qb4 39. Qd3 a4 40. g4 axb3 41. axb3 Ra8 42. Kg2 Re7 43. e4 Qe1 44. Kh3 g5 45. Qe2 Qb1 46. d5 Ra2 47. Qf1 Qb2 48. Qg1 Qe5 49. Qg3 Qxg3+ 50. Kxg3 Rc2 51. h4 Ra7 52. hxg5 hxg5 53. d6 Kf8 54. e5 Raa2 55. Bf1 Ra5 56. d7 Ke7 57. Bd3 Rc3 0-1

[Event "Hessenliga 1011"]
[Site "Germany"]
[Date "2010.09.26"]
[Round "1.4"]
[White "Regis, Georg"]
[Black "Glauder, Jan"]
[Result "0-1"]
[WhiteElo "2137"]
[BlackElo "2018"]
[PlyCount "96"]
[EventDate "2010.09.26"]
[EventType "team-tourn"]
[EventRounds "9"]
[EventCountry "GER"]
[SourceTitle "EXT 2012"]
[Source "ChessBase"]
[SourceDate "2011.11.24"]
[SourceVersion "1"]
[SourceVersionDate "2011.11.24"]
[SourceQuality "1"]
[WhiteTeam "Dotzheim"]
[BlackTeam "Eppstein"]
[WhiteTeamCountry "GER"]
[BlackTeamCountry "GER"]

1. c3 d5 2. g3 Nf6 3. Bg2 c6 4. d4 Bf5 5. Nd2 Nbd7 6. Ngf3 Qc7 7. Qb3 h6 8. 0-0 e6 9. Ne5 Nxe5 10. dxe5 Ng4 11. Nf3 Be4 12. Re1 Bc5 13. Nd4 Bxg2 14. Kxg2 Nxe5 15. Bf4 Bd6 16. e4 0-0-0 17. exd5 exd5 18. Nf5 f6 19. Qa4 Kb8 20. Qd4 Rhe8 21. a4 Bf8 22. b4 g6 23. Ne3 g5 24. Bxe5 fxe5 25. Qd2 Qf7 26. Rad1 h5 27. b5 d4 28. bxc6 bxc6 29. Rb1+ Ka8 30. Red1 d3 31. c4 e4 32. Qa5 g4 33. Qa6 Qc7 34. Rb3 Rb8 35. Rdb1 Rxb3 36. Rxb3 Rb8 37. Rxb8+ Kxb8 38. c5 Bxc5 39. Qc4 Qe7 40. Nd1 Kb7 41. a5 a6 42. Nc3 Bb4 43. Qb3 Kc7 44. Qc4 Bxc3 45. Qxc3 c5 46. Kf1 Qd6 47. Ke1 Qd4 48. Qb3 Qb4+ 0-1

[Event "Hessenliga 0809"]
[Site "Germany"]
[Date "2009.02.15"]
[Round "8.3"]
[White "Stickler, Roberto"]
[Black "Regis, Georg"]
[Result "1/2-1/2"]
[WhiteElo "2232"]
[BlackElo "2167"]
[PlyCount "139"]
[EventDate "2008.09.14"]
[EventType "team-tourn"]
[EventRounds "9"]
[EventCountry "GER"]
[SourceTitle "EXT 2011"]
[Source "ChessBase"]
[SourceDate "2010.11.26"]
[SourceVersion "1"]
[SourceVersionDate "2010.11.26"]
[SourceQuality "1"]
[WhiteTeam "Dettingen"]
[BlackTeam "Dotzheim"]
[WhiteTeamCountry "GER"]
[BlackTeamCountry "GER"]

1. d4 Nf6 2. Nf3 e6 3. Bg5 h6 4. Bh4 Be7 5. e3 b6 6. Bd3 Bb7 7. Nbd2 d6 8. Bxf6 Bxf6 9. Qe2 Nd7 10. 0-0 g6 11. Ba6 Bxa6 12. Qxa6 0-0 13. c3 Re8 14. Rfe1 Bg7 15. e4 g5 16. Nf1 g4 17. N3d2 h5 18. Qb5 c5 19. Qd3 Nf8 20. Rad1 cxd4 21. cxd4 Ng6 22. g3 Re7 23. Nb3 Rc7 24. f4 gxf3 25. Qxf3 Qg5 26. Ne3 a5 27. a4 b5 28. e5 Rd8 29. axb5 dxe5 30. d5 e4 31. Qxe4 exd5 32. Rxd5 Rxd5 33. Qxd5 Qxd5 34. Nxd5 Rd7 35. Nc3 Ne5 36. Ra1 Nc4 37. Nxa5 Nxb2 38. Ne4 Nc4 39. Ra4 Rd1+ 40. Kg2 Nb6 41. Ra3 Rb1 42. Rb3 Ra1 43. Nc6 Ra4 44. Nd6 h4 45. Nf5 Bf6 46. Rd3 hxg3 47. hxg3 Ra2+ 48. Kh3 Rb2 49. Rd6 Bg5 50. Kg4 Nc4 51. Kxg5 Nxd6 52. Nxd6 Rd2 53. b6 Rd5+ 54. Kf4 Rxd6 55. b7 Rxc6 56. b8Q+ Kg7 57. Qe5+ Kh7 58. g4 Re6 59. Qd5 Rf6+ 60. Kg5 Rg6+ 61. Kf5 Kg7 62. Qe5+ Kg8 63. g5 Kh7 64. Qe7 Kg7 65. Qd8 Re6 66. Qd4+ Kg8 67. Qd5 Kg7 68. Qc4 Rg6 69. Qc8 Re6 70. Qxe6 1/2-1/2

[Event "Hessenliga 0809"]
[Site "Germany"]
[Date "2009.02.08"]
[Round "7.3"]
[White "Regis, Georg"]
[Black "Hankel, Dennis"]
[Result "1-0"]
[WhiteElo "2167"]
[BlackElo "2170"]
[PlyCount "71"]
[EventDate "2008.09.14"]
[EventType "team-tourn"]
[EventRounds "9"]
[EventCountry "GER"]
[SourceTitle "EXT 2011"]
[Source "ChessBase"]
[SourceDate "2010.11.26"]
[SourceVersion "1"]
[SourceVersionDate "2010.11.26"]
[SourceQuality "1"]
[WhiteTeam "Dotzheim"]
[BlackTeam "Neuberg"]
[WhiteTeamCountry "GER"]
[BlackTeamCountry "GER"]

1. b3 e5 2. Bb2 Nc6 3. c4 g6 4. e3 Bg7 5. d3 Nf6 6. Nf3 d6 7. a3 a5 8. Qc2 0-0 9. Be2 h6 10. Nbd2 Be6 11. 0-0 Ne8 12. d4 exd4 13. exd4 d5 14. Ne5 Bxe5 15. dxe5 Bf5 16. Qc3 d4 17. Qg3 Qe7 18. f4 Ng7 19. Bd3 Rad8 20. Ne4 Bxe4 21. Bxe4 Qe6 22. Qf3 Ne7 23. g4 f5 24. exf6 Qxf6 25. Rf2 Ne6 26. Raf1 Nc5 27. Bb1 Qd6 28. Qh3 Kg7 29. f5 Rf6 30. g5 Rxf5 31. Qxh6+ Kg8 32. Bxf5 Nxf5 33. Rxf5 gxf5 34. g6 Qe7 35. Rxf5 Nd3 36. Bxd4 1-0

[Event "Hessenliga 0809"]
[Site "Germany"]
[Date "2008.10.19"]
[Round "3.3"]
[White "Meiser, Markus"]
[Black "Regis, Georg"]
[Result "1-0"]
[WhiteElo "2187"]
[BlackElo "2167"]
[PlyCount "51"]
[EventDate "2008.09.14"]
[EventType "team-tourn"]
[EventRounds "9"]
[EventCountry "GER"]
[SourceTitle "EXT 2011"]
[Source "ChessBase"]
[SourceDate "2010.11.26"]
[SourceVersion "1"]
[SourceVersionDate "2010.11.26"]
[SourceQuality "1"]
[WhiteTeam "Lorsch"]
[BlackTeam "Dotzheim"]
[WhiteTeamCountry "GER"]
[BlackTeamCountry "GER"]

1. d4 Nf6 2. c4 e6 3. Nf3 d5 4. Nc3 Be7 5. Bg5 0-0 6. e3 b6 7. Bd3 Ba6 8. cxd5 Nxd5 9. Bxe7 Qxe7 10. Nxd5 exd5 11. 0-0 Bxd3 12. Qxd3 c6 13. Rac1 f6 14. Rfe1 Qd6 15. e4 dxe4 16. Rxe4 Qd5 17. Re7 Rf7 18. Re8+ Rf8 19. Rxf8+ Kxf8 20. Qxh7 Qxa2 21. Re1 Nd7 22. Nh4 f5 23. Ng6+ Kf7 24. Re7+ Kf6 25. Qxg7+ Kg5 26. Ne5+ 1-0

[Event "Oberliga Ost-B 0708"]
[Site "Germany"]
[Date "2007.12.09"]
[Round "5.5"]
[White "Kayser, Felix"]
[Black "Regis, Georg"]
[Result "1/2-1/2"]
[WhiteElo "2210"]
[BlackElo "2149"]
[PlyCount "144"]
[EventDate "2007.10.07"]
[EventType "team-tourn"]
[EventRounds "11"]
[EventCountry "GER"]
[SourceTitle "EXT 2009"]
[Source "ChessBase"]
[SourceDate "2008.11.26"]
[SourceVersion "1"]
[SourceVersionDate "2008.11.26"]
[SourceQuality "1"]
[WhiteTeam "Wiesbaden"]
[BlackTeam "Dotzheim"]
[WhiteTeamCountry "GER"]
[BlackTeamCountry "GER"]

1. e4 c6 2. d4 d5 3. exd5 cxd5 4. Bd3 Nc6 5. c3 Nf6 6. Nf3 Bg4 7. 0-0 e6 8. Bf4 Bd6 9. Bxd6 Qxd6 10. Nbd2 0-0 11. h3 Bh5 12. Re1 Rab8 13. Nf1 b5 14. a3 Rfc8 15. Qe2 Rb6 16. Ng3 Bg6 17. Ne5 Bxd3 18. Qxd3 Na5 19. Re2 Nc4 20. Qf3 Qc7 21. Nd3 a5 22. Rae1 Nd6 23. Qe3 Nfe4 24. Nxe4 dxe4 25. Nc5 b4 26. axb4 axb4 27. Ra1 bxc3 28. bxc3 h6 29. g3 Nb5 30. Kh2 f5 31. Rea2 e5 32. Na4 Rd6 33. dxe5 Rd3 34. Qb6 Qxe5 35. Qa6 Rf8 36. Nb2 Rxc3 37. Nd1 Rc5 38. Qg6 Nd4 39. Ra8 Rcc8 40. Rxc8 Rxc8 41. Ra7 Rf8 42. Kg2 Ne6 43. Ne3 Qf6 44. Qxf6 Rxf6 45. Re7 Nd4 46. Rd7 Nf3 47. h4 g6 48. Nd5 Rf7 49. Rd6 Kg7 50. h5 gxh5 51. Nf4 h4 52. Nh5+ Kf8 53. Rxh6 hxg3 54. Nxg3 Ke7 55. Ra6 Rf6 56. Ra7+ Ke6 57. Ra6+ Ke5 58. Ra5+ Kd4 59. Kf1 Nh4 60. Ke2 Kc3 61. Re5 Nf3 62. Ra5 Nd4+ 63. Ke1 Rb6 64. Kf1 Kb4 65. Ra1 Kc5 66. Ra5+ Rb5 67. Ra1 Kd5 68. Ra8 Rb1+ 69. Kg2 Rb6 70. Rd8+ Rd6 71. Ra8 Ke5 72. Ra5+ Kf6 1/2-1/2

[Event "Oberliga Ost-B 0607"]
[Site "Germany"]
[Date "2007.02.24"]
[Round "6.4"]
[White "Enneper, Eckhard"]
[Black "Regis, Georg"]
[Result "0-1"]
[WhiteElo "2198"]
[BlackElo "2162"]
[PlyCount "90"]
[EventDate "2006.10.15"]
[EventType "team-tourn"]
[EventRounds "11"]
[EventCountry "GER"]
[SourceTitle "EXT 2008"]
[Source "ChessBase"]
[SourceDate "2007.11.25"]
[SourceVersion "1"]
[SourceVersionDate "2007.11.25"]
[SourceQuality "1"]
[WhiteTeam "Offenbach"]
[BlackTeam "Dotzheim"]
[WhiteTeamCountry "GER"]
[BlackTeamCountry "GER"]

1. d4 Nf6 2. Nf3 e6 3. c4 b6 4. g3 Bb4+ 5. Bd2 Be7 6. Bg2 0-0 7. 0-0 Ba6 8. Ne5 d5 9. Nc3 c6 10. Qa4 Bb7 11. Bf4 Nfd7 12. Nxd7 Nxd7 13. e4 dxc4 14. Qxc4 b5 15. Qe2 b4 16. Na4 Qa5 17. Qc2 c5 18. Nxc5 Nxc5 19. dxc5 Bxc5 20. Rfe1 Rac8 21. Qe2 Ba6 22. Qf3 Bd4 23. a3 Rc2 24. Be3 Bxb2 25. axb4 Qxb4 26. Reb1 Be2 27. Qf4 e5 28. Qf5 a5 29. Qd7 Qc3 30. Ra4 Rc1+ 31. Rxc1 Bxc1 32. h4 Bxe3 33. fxe3 Qxe3+ 34. Kh2 Bf3 35. Qd5 Bxg2 36. Kxg2 Qe2+ 37. Kh3 Qf1+ 38. Kh2 Rc8 39. Ra2 Qc4 40. Rxa5 Qe2+ 41. Kh3 Qf1+ 42. Kg4 h5+ 43. Kxh5 Qf3+ 44. Kg5 Qxg3+ 45. Kf5 Qf4# 0-1

[Event "Oberliga Ost-B 0607"]
[Site "Germany"]
[Date "2006.12.10"]
[Round "4.4"]
[White "Haakert, Juergen"]
[Black "Regis, Georg"]
[Result "1-0"]
[WhiteElo "2404"]
[BlackElo "2162"]
[PlyCount "87"]
[EventDate "2006.10.15"]
[EventType "team-tourn"]
[EventRounds "11"]
[EventCountry "GER"]
[SourceTitle "EXT 2008"]
[Source "ChessBase"]
[SourceDate "2007.11.25"]
[SourceVersion "1"]
[SourceVersionDate "2007.11.25"]
[SourceQuality "1"]
[WhiteTeam "Oberursel"]
[BlackTeam "Dotzheim"]
[WhiteTeamCountry "GER"]
[BlackTeamCountry "GER"]

1. Nf3 Nf6 2. g3 c5 3. Bg2 Nc6 4. 0-0 g6 5. Nc3 Bg7 6. d3 0-0 7. a3 d6 8. Rb1 Bd7 9. b4 cxb4 10. axb4 Rc8 11. b5 Ne5 12. Nxe5 dxe5 13. Ne4 Nxe4 14. Bxe4 Qc7 15. c4 Rfd8 16. Qb3 b6 17. Ba3 Bf8 18. Rfc1 Qb8 19. Ra1 Be8 20. Bb4 Rc7 21. Bc3 f6 22. Bd5+ Kg7 23. Ra6 Qc8 24. Qb2 e6 25. Be4 Kg8 26. Bg2 Bc5 27. Rca1 Qb8 28. R1a4 Rdd7 29. Qa1 Rf7 30. Bh3 Rfe7 31. e3 Bf7 32. d4 exd4 33. exd4 Bd6 34. c5 bxc5 35. Rxd6 cxd4 36. Bxd4 e5 37. Be3 Qxb5 38. Rxf6 Kg7 39. Rd6 Rb7 40. Bf1 Qb3 41. Ra5 Qb1 42. Rd1 Qb2 43. Qxb2 Rxb2 44. Bxa7 1-0

[Event "Oberliga Ost-B 0506"]
[Site "Germany"]
[Date "2006.01.28"]
[Round "6.5"]
[White "Regis, Georg"]
[Black "Rubel, Julian"]
[Result "1-0"]
[WhiteElo "2149"]
[BlackElo "2076"]
[PlyCount "79"]
[EventDate "2005.11.13"]
[EventType "team-tourn"]
[EventRounds "11"]
[EventCountry "GER"]
[SourceTitle "EXT 2007"]
[Source "ChessBase"]
[SourceDate "2006.11.23"]
[SourceVersion "1"]
[SourceVersionDate "2006.11.23"]
[SourceQuality "1"]
[WhiteTeam "Wiesbaden Dotzheim"]
[BlackTeam "Steinbach"]
[WhiteTeamCountry "GER"]
[BlackTeamCountry "GER"]

1. d4 d5 2. c4 c6 3. Nf3 Nf6 4. Nc3 a6 5. cxd5 cxd5 6. Bg5 Ne4 7. Qb3 Nxg5 8. Nxg5 e6 9. h4 Nc6 10. e3 Be7 11. f4 b5 12. Bd3 g6 13. Rc1 Bd7 14. Ke2 Na5 15. Qc2 Rc8 16. a3 Nc4 17. Nf3 a5 18. Qb1 b4 19. axb4 axb4 20. Nd1 Nd6 21. Rxc8 Qxc8 22. h5 Bf6 23. g4 Bb5 24. Nf2 Qb7 25. g5 Bg7 26. Ng4 Ne4 27. h6 Bf8 28. Rc1 Bd6 29. Ke1 Bxd3 30. Qxd3 0-0 31. Nd2 Nxd2 32. Nf6+ Kh8 33. Kxd2 Rc8 34. Qb5 Qa8 35. Qd7 Rxc1 36. Kxc1 Qa1+ 37. Kc2 b3+ 38. Kxb3 Qd1+ 39. Ka2 Bf8 40. Qe8 1-0

[Event "Oberliga Ost-B 0506"]
[Site "Germany"]
[Date "2005.11.13"]
[Round "1"]
[White "Weise, Martin"]
[Black "Regis, Georg"]
[Result "0-1"]
[WhiteElo "2175"]
[BlackElo "2149"]
[PlyCount "98"]
[EventDate "2005.11.13"]
[EventType "team-tourn"]
[EventRounds "11"]
[EventCountry "GER"]
[SourceTitle "CBM 109 Extra"]
[Source "ChessBase"]
[SourceDate "2006.01.03"]
[SourceVersion "2"]
[SourceVersionDate "2006.01.03"]
[SourceQuality "1"]

1. Nc3 d5 2. e4 d4 3. Nce2 c5 4. Ng3 Nc6 5. Nf3 g6 6. Bc4 Bg7 7. c3 e6 8. 0-0 Nge7 9. cxd4 Nxd4 10. Nxd4 Bxd4 11. d3 0-0 12. Ne2 Bg7 13. Be3 Qa5 14. Rb1 Nc6 15. f4 Rd8 16. Bd2 Qc7 17. Qe1 b6 18. Nc3 Nd4 19. Qh4 Bd7 20. a4 a6 21. f5 b5 22. Ba2 b4 23. fxe6 fxe6 24. Nd5 exd5 25. Bxd5+ Be6 26. Bxa8 Rxa8 27. Bg5 Qd7 28. Bf6 Bf8 29. Kh1 Nc6 30. Rf3 Re8 31. Rbf1 c4 32. dxc4 Bxc4 33. Re1 Bg7 34. e5 Bf7 35. Bxg7 Kxg7 36. Qf6+ Kg8 37. Rd3 Qxd3 38. Qxc6 Qd5 39. Qxa6 Rxe5 40. Qc8+ Kg7 41. Qc1 Qe6 42. Rf1 Qb3 43. Qf4 Re8 44. h3 Bd5 45. Qf6+ Kg8 46. Kh2 Qxa4 47. Rf4 Qc2 48. Rg4 Qc7+ 49. Rf4 b3 0-1

[Event "Oberliga Ost-B 0405"]
[Site "Germany"]
[Date "2005.04.09"]
[Round "10.6"]
[White "Regis, Georg"]
[Black "Mueller Ludwig, Kristin"]
[Result "1/2-1/2"]
[WhiteElo "2129"]
[BlackElo "2089"]
[PlyCount "33"]
[EventDate "2004.10.10"]
[EventType "team-tourn"]
[EventRounds "11"]
[EventCountry "GER"]
[SourceTitle "EXT 2006"]
[Source "ChessBase"]
[SourceDate "2005.11.24"]
[SourceVersion "1"]
[SourceVersionDate "2005.11.24"]
[SourceQuality "1"]
[WhiteTeam "Wiesbaden Dotzheim"]
[BlackTeam "Erfurt Medizin"]
[WhiteTeamCountry "GER"]
[BlackTeamCountry "GER"]

1. d4 Nf6 2. g3 g6 3. Bg2 Bg7 4. Nf3 0-0 5. 0-0 Re8 6. b3 d6 7. Bb2 Nbd7 8. a4 Rb8 9. Na3 a6 10. Qd3 e5 11. dxe5 Ng4 12. Nc4 Ngxe5 13. Nfxe5 Nxe5 14. Nxe5 Bxe5 15. Bxe5 dxe5 16. Qxd8 Rxd8 17. Rad1 1/2-1/2

[Event "Oberliga Ost-B 0405"]
[Site "Germany"]
[Date "2004.11.28"]
[Round "4.5"]
[White "Umpfenbach, Caroline"]
[Black "Regis, Georg"]
[Result "1-0"]
[WhiteElo "2137"]
[BlackElo "2129"]
[PlyCount "147"]
[EventDate "2004.10.10"]
[EventType "team-tourn"]
[EventRounds "11"]
[EventCountry "GER"]
[SourceTitle "EXT 2006"]
[Source "ChessBase"]
[SourceDate "2005.11.24"]
[SourceVersion "1"]
[SourceVersionDate "2005.11.24"]
[SourceQuality "1"]
[WhiteTeam "Erfurt SK II"]
[BlackTeam "Wiesbaden Dotzheim"]
[WhiteTeamCountry "GER"]
[BlackTeamCountry "GER"]

1. d4 Nf6 2. c4 e6 3. Nf3 d5 4. Bg5 Be7 5. Nc3 0-0 6. e3 Nbd7 7. Rc1 Ne4 8. Bxe7 Qxe7 9. cxd5 Nxc3 10. Rxc3 Nb6 11. dxe6 Bxe6 12. a3 Nd5 13. Rc1 Rfe8 14. Bd3 Bg4 15. 0-0 c6 16. Re1 Rad8 17. h3 Bh5 18. Bb1 Nf6 19. Rc5 Qxc5 20. dxc5 Rxd1 21. Rxd1 Bxf3 22. gxf3 Kf8 23. Ba2 Rb8 24. e4 Ke7 25. b4 Nh5 26. Kh2 Nf4 27. Rd6 Ne6 28. e5 Nc7 29. Bc4 Ne8 30. Rd4 b6 31. f4 g6 32. f5 gxf5 33. Rh4 Nc7 34. Rxh7 Nd5 35. Rh6 Rc8 36. Rd6 bxc5 37. bxc5 Nf4 38. Rf6 Ne6 39. Rxf5 Rd8 40. Rf3 Rd4 41. Bb3 a5 42. Kg2 a4 43. Ba2 Nf4+ 44. Kg3 Nh5+ 45. Kh2 Nf4 46. Bxf7 Kxf7 47. Kg3 Ke6 48. Rxf4 Rd3+ 49. Rf3 Rd5 50. Rf6+ Kxe5 51. Rxc6 Rd3+ 52. Kg4 Rxa3 53. Rd6 Ra1 54. h4 Rg1+ 55. Kf3 a3 56. Ra6 Ra1 57. h5 Kd5 58. c6 Kd6 59. Kf4 a2 60. f3 Rh1 61. Rxa2 Kxc6 62. Ra6+ Kd7 63. Kg5 Ke7 64. h6 Rg1+ 65. Kf5 Kf7 66. Ra8 Rh1 67. h7 Rh5+ 68. Kg4 Rxh7 69. Ra7+ Kg6 70. Rxh7 Kxh7 71. Kf5 Kg7 72. Ke6 Kg8 73. f4 Kg7 74. f5 1-0

[Event "Oberliga Ost-B 0405"]
[Site "Germany"]
[Date "2004.10.10"]
[Round "1.6"]
[White "Regis, Georg"]
[Black "Weise, Martin"]
[Result "1-0"]
[WhiteElo "2129"]
[BlackElo "2198"]
[PlyCount "75"]
[EventDate "2004.10.10"]
[EventType "team-tourn"]
[EventRounds "11"]
[EventCountry "GER"]
[SourceTitle "EXT 2006"]
[Source "ChessBase"]
[SourceDate "2005.11.24"]
[SourceVersion "1"]
[SourceVersionDate "2005.11.24"]
[SourceQuality "1"]
[WhiteTeam "Wiesbaden Dotzheim"]
[BlackTeam "Hungen Lich"]
[WhiteTeamCountry "GER"]
[BlackTeamCountry "GER"]

1. d4 e6 2. e4 d5 3. e5 c5 4. Qg4 Qa5+ 5. c3 cxd4 6. Nf3 dxc3 7. bxc3 Nc6 8. Kd1 Bd7 9. Bd3 0-0-0 10. Ke2 f6 11. Qg3 Nh6 12. Bxh6 gxh6 13. Nbd2 fxe5 14. Nxe5 Nxe5 15. Qxe5 Rg8 16. Nb3 Qa3 17. g3 Rg5 18. Qe3 e5 19. Rhc1 e4 20. Bc2 Qa6+ 21. Ke1 d4 22. Nxd4 Bh3 23. Bxe4 Bc5 24. Rab1 Bb6 25. Qe2 Qa5 26. Rb5 Rxd4 27. Rxa5 Bxa5 28. Qe3 Rc4 29. f3 Rgc5 30. Qxh6 Bd7 31. Qxh7 Bxc3+ 32. Kf1 Kc7 33. Bxb7 Kxb7 34. Qxd7+ Rc7 35. Rb1+ Ka8 36. Qd5+ R4c6 37. h4 a5 38. Rb6 1-0

[Event "Oberliga Ost-B 0304"]
[Site "Germany"]
[Date "2004.02.14"]
[Round "6.6"]
[White "Regis, Georg"]
[Black "Roosen, Holger"]
[Result "1/2-1/2"]
[WhiteElo "2120"]
[BlackElo "2190"]
[PlyCount "72"]
[EventDate "2003.11.02"]
[EventType "team-tourn"]
[EventRounds "11"]
[EventCountry "GER"]
[SourceTitle "EXT 2005"]
[Source "ChessBase"]
[SourceDate "2004.11.15"]
[SourceVersion "1"]
[SourceVersionDate "2004.11.15"]
[SourceQuality "1"]
[WhiteTeam "Dotzheim"]
[BlackTeam "Offenbach"]
[WhiteTeamCountry "GER"]
[BlackTeamCountry "GER"]

1. d4 g6 2. c4 Bg7 3. Nc3 Nf6 4. e4 0-0 5. Be2 c5 6. d5 d6 7. Bg5 a6 8. Qd2 b5 9. cxb5 axb5 10. Bxb5 Qa5 11. Bd3 Ba6 12. Nge2 Nbd7 13. 0-0 Rfb8 14. Bxa6 Qxa6 15. Rab1 Ne5 16. b3 Rb4 17. f3 c4 18. bxc4 Nxc4 19. Qd3 Qb6+ 20. Kh1 Nb2 21. Qd2 Nc4 22. Rxb4 Qxb4 23. Qd3 h6 24. Rb1 Nb2 25. Qc2 hxg5 26. Qxb2 Qc5 27. Qb7 Ra7 28. Qb8+ Kh7 29. Qb6 Nd7 30. Qxc5 Nxc5 31. Kg1 Ra3 32. Rc1 Nd3 33. Rc2 Ne1 34. Rc1 Nd3 35. Rc2 Ne1 36. Rc1 Nd3 1/2-1/2